Mini micronations flag quiz - Statistics

General Stats
  • This quiz has been taken 5 times
  • The average score is 9 of 32
Answer Stats
Picture Answer % Correct
Principality of Sealand
100%
Conch Republic
60%
Principality of Seborga
60%
Principality of Snake Hill
60%
Republic of Molossia
60%
Royal Republic of Ladonia
60%
Frestonia
40%
United Territories of The People's Republic of Slowjamastan
40%
Akhzivland
20%
Dominion of Melchizedek
20%
Empire of Atlantium
20%
Free Republic of Liberland
20%
Freetown Christiania
20%
Holy Empire of Reunion
20%
Kingdom of Elleore
20%
Kingdom of EnenKio
20%
Kingdom of Wallachia
20%
L'Anse Saint Jean
20%
Murrawarri Republic
20%
Other World Kingdom
20%
Principality of Aigues-Mortes
20%
Principality of Filettino
20%
Principality of Laàs en Béarn
20%
Republic of Parva Domus Magna Quies
20%
Republic of Saugeais
20%
Republic of Vevčani
20%
Sovereign State of Forvik
20%
United Republics of Jämtland, Härjedalen, and Ravund
20%
Westarctica
20%
Zaqistan
20%
Ganienkeh
0%
Grand Duchy of Flandrensis
0%
No matching quizzes found
Score Distribution
Percent of People with Each Score
Percentile by Number Answered
Your Score History
You have not taken this quiz